000
00310nam a2200121Ia 4500
008
220204s9999 xx 000 0 und d
082
_a
620
_b
RAG
100
_a
Raghavan, V
245
0
_a
First course in materials science
260
_a
New Delhi
_b
Prentice Hall
_c
1974
650
_a
Material Science
942
_c
BK
999
_c
22998
_d
22998